1802 1420 1995 1167 1660 1149 1954 1066 1119 1999 1778 1500 1944 1946 1887 1824 1746 1056 1535 1835 1899 1625 1857 1131 1850 1184 1030 1801 1999 1353 1413 1573 1420 1900 1854 1150 1719 1605 1467 1550 1867 1944 1420 1871 1492 1304 1400 1064 1507 1776 1699 1112 1702 1992 1454 1485 1277 1217 1174 1115 1312 1571 1297 1533 1600 1164 1234 1716 1995 1105 1250 1770 1019 1224 1074 1860 1760 1098 1066 1861 1940 1966 1302 1110 1390 1746 1806 1166 1502 1018 1731 1963 1309 1546 1693 1042 1432 1806 1690 BCNSPRNW ULIB Ver.6.0+V

เปลี่ยนเป็นภาษาไทย

Change to English
 แสดงรายละเอียดบรรณานุกรม
  กลับหน้าหลัก

Brief Record : Get Marc (ISO 2709) : E-mail record : QR code < ปิดหน้าต่าง
LEADER : 00000nam 2200000uu 4500
001    13399125882
003     ULIB
008    170921s2558||||th 000 0 tha d
020    ^a9786168024010 (ล.3)
060  4 ^aWX162^bค695^cล.3
245 00 ^aคู่มือหลักสูตรความปลอดภัยของผู้ป่วยขององค์การอนามัยโลก(เล่ม 3) :^bฉบับสหวิชาชีพ (ฉบับภาษาไทย) /^cสถาบันรับรองคุณภาพสถานพยาบาล (องค์การมหาชน)
260    ^aนนทบุรี :^bสถาบันรับรองคุณภาพสถานพยาบาล (องค์การมหาชน),^c2558
300    ^a5 เล่ม :^bภาพประกอบ ;^c24 ซม.
504    ^aเอกสารอ้างอิงท้ายบท.
505 0  ^aล.5 ส่วน B หัวข้อของคู่มือหลักรสูตร บทนำต่อหัวข้อที่ 9-11 หัวข้อที่ 9-11
505 0  ^aล.4 ส่วน B หัวข้อของคู่มือหลักรสูตร หัวข้อที่ 5-8
505 0  ^aล.3 ส่วน B หัวข้อของคู่มือหลักสูตร คำจำกัดความของแนวคิดที่สำคัญ ความหมายของสัญลักษณ์ บทนำ หัวข้อที่ 1-4
505 0  ^aล.2 ส่วน A คู่มือผู้สอน
505 0  ^aล.1คำนำ ที่มาของการแปล คำชี้แจงวิธีการแปล คำย่อ คำกล่าวนำ บทนำ และภาคผนวก
650  2 ^aHospital Administration.
650  2 ^aMedical Errors.
650  2 ^aPatient Care Management.
650  2 ^aRisk Management.
650  2 ^aSafety Management.
700 0  ^aสมพนธ์ ทัศนิยม^eบรรณาธิการ
700 0  ^aนิตย์ ทัศนิยม^eบรรณาธิการ
710 0  ^aสถาบันรับรองคุณภาพสถานพยาบาล (องค์การมหาชน)
945    ^p0^l0^i003314
999    ^aประนอม เกษจรัล
รายการนี้ยังไม่มีแท็ก
คุณยังไม่ได้ล็อกอิน คุณสามารถมีกิจกรรมร่วมกับเว็บไซต์ได้ แต่ต้องล็อกอินก่อน ::
  ล็อกอิน

รายการสื่อสารสนเทศ

ลำดับที่ ประเภท เลขเรียก/บาร์โค้ด สถานที่ สถานะ
1. วิทยาศาสตร์การแพทย์ และสุขภาพ
วิทยาศาสตร์การแพทย์ และสุขภาพ
สถานะ=หนังสือเก่า
WX162 ค695 ล.3 ฉ.1 
  Barcode: 003314
ห้องสมุดวิทยาเขตสวรรค์ประชารักษ์
►ส่วนจัดเก็บหนังสือเก่า สปร
บนชั้น
  ขอยืม

รายการใกล้เคียง
    หัวเรื่อง [Hospital Administration.]
    หัวเรื่อง [Medical Errors.]
    หัวเรื่อง [Patient Care Management.]
    หัวเรื่อง [Risk Management.]
    หัวเรื่อง [Safety Management.]

BibComment


ยังไม่เคยถูกคอมเมนท์

คอมเมนท์ทรัพยากรรายการนี้
  คอมเมนท์: คู่มือหลักสูตรคว..


 Copyright 2026. Bcnsprnw @Library